01052nam a22002657a 4500003000500000005001700005008004100022010001100063011001100074035001100085040000900096100002800105245024000133260004000373500006000413502008500473650001400558650002700572650002400599650002400623650002100647650002100668700003300689856006400722CHAP20220329143723.0110408s2011 mx r 00010 spa d a100902 a101874 a112562 cCHAP1 aZurisadai Ortiz, Martin10aManual de buenas prácticas de manejo para el empaque de jitomate (Lycopersicon esculenntum Mill.) de la comercializadora de hortalizas finas de Hidalgo Los Altosh[En línea]c/por Martin Zurisadai Ortiz y Edgar Moctezuma Martínez aChapingo, Méx. :bEl autor,c2011 aPara ver el contenido del material haga clic en la liga aTesis (Ing. Agroindustrial) -- UACH. Departamento de Ingeniería Agroindustrial14aEmpresas.14aInocuidad alimentaria.14aLegumbresxCalidad.14aLegumbresxHidalgo.14aSanidad vegetal.14aTomatexEmpaque.1 aMoctezuma Martínez, Edgar. 3Finding aiduhttp://10.13.5.2/tesis/112562.pdfzTeclea aqui